[Event "Neubrandenburg op"]
[Site "Neubrandenburg"]
[Date "1998.??.??"]
[Round "4"]
[White "Luther, Thomas"]
[Black "Levin, Felix"]
[Result "1/2-1/2"]
[WhiteElo "2510"]
[BlackElo "2465"]
[Annotator "Black e4 - Berlin 2"]
[PlyCount "65"]
[EventDate "1998.05.07"]
[EventType "swiss"]
[EventRounds "7"]
[EventCountry "GER"]
[Source "ChessBase"]
[SourceDate "2001.11.25"]
[WhiteTeamCountry "SVK"]
[BlackTeamCountry "GRE"]

1. e4 e5 2. Nf3 Nc6 3. Bb5 Nf6 4. Qe2 Bc5 5. c3 O-O 6. O-O (6. Bxc6 bxc6 7.
Nxe5 d6 8. Nxc6 $6 (8. d4 Bb6 9. Nxc6 Qd7 10. Nb4 Nxe4 11. O-O {
Not ...Qxe4 due to pin by Re8} Re8 12. Be3 Qf5 {
or 12...Bb7 with the bishop pair and "bad" White bishop for the pawn} 13. c4 {
Else 13...a5 and 14...Ba6} Nf6 14. Qd1 a5 15. Nc2 Qg6 $14 {+28 Fritz 5.32})
8... Qd7 9. Na5 {Or 9 Nd4, but Black is doing fine after 9...Nxe4.  There's
more than enough compensation for the pawn.} Nxe4 {
Exploiting White's delay in castling.} 10. d4 Bb6 11. Nb3 {
11 Nc4 allows the unpleasant pin 11...Ba6} Re8 {
White's inability to castle safely will prove fatal.} 12. Be3 a5 13. N1d2 a4
14. Nc1 Ba6 15. Nd3 f5 {Due to multiple pins, White must use material.} 16. O-O
f4 17. Nxe4 Rxe4 18. Qh5 Bxd3 19. Qd5+ Kh8 20. Qxa8+ Re8 21. Qd5 c6 22. Qh5
Bxf1 23. Rxf1 fxe3 24. fxe3 Kg8 $19 {-197 Fritz 5.32} 25. Qd1 c5 26. Qd3 Qe6
27. Rf3 cxd4 28. exd4 Qxa2 29. Qb5 Rb8 30. Qd7 Rd8 31. Qe7 Qb1+ 32. Rf1 Qg6 33.
h3 h6 34. Qb7 d5 35. Re1 Kh8 36. Re5 Rf8 37. Rxd5 Bd8 38. Qb8 Qf6 39. Kh2 Qe7
40. Rc5 Kh7 41. Qg3 Bb6 42. Rc6 Ba7 43. Qg6+ Kh8 44. Re6 Qc7+ 45. g3 Bb8 46.
Re3 Qb7 47. Qc2 Qf7 48. Re2 Qf1 49. Qe4 Rf2+ 50. Rxf2 Qxf2+ 51. Kh1 Qxg3 52.
Qe8+ Kh7 53. Qe4+ Qg6 54. Qe2 Qf5 55. Kg2 Qg5+ 56. Kf1 Qf4+ 57. Ke1 Bd6 58. Kd1
Qf5 59. Ke1 Bg3+ 60. Kd2 Bf4+ 61. Ke1 Qb1+ 62. Kf2 Bc1 {
0-1 Cuijpers,F-Mitkov,N/Sitges 1998/EXT 2003}) 6... Re8 7. d3 h6 8. Be3 (8. h3
d6 9. Be3 Bd7 {This avoids tripled isolated pawns.  If instead Black takes on
e3, White might recapture with the pawn and use the "f" file for his rooks.}
10. Bxc5 dxc5 {The doubled pawn is offset by White's semi-backward "d" pawn. 
Also, Black has the "better" remaining bishop.} 11. Bc4 Nh5 {
This shows the drawback of White's bishop exchange. The f4 square now beckons.}
12. Qe3 b6 13. Nbd2 Qf6 14. Kh2 Nf4 15. Ng1 Na5 16. g3 Nxc4 17. Nxc4 Ng6 {
Black is now a tad better, because the bishop is "good", and White's "d" pawn
is exposed to attack on the half-open file.} 18. Qf3 Qxf3 19. Nxf3 Bb5 20. Rfd1
Rad8 21. a4 Bc6 22. Ne3 a5 23. c4 Nf8 24. Nd5 Rd7 25. Kg2 f6 26. Ng1 Ne6 27.
Ne2 Rf8 28. f3 Bb7 29. Kf2 f5 30. Kg2 g6 31. h4 h5 32. Ng1 Nd4 33. Nh3 $2 {
White blunders in a bad position} Bxd5 34. exd5 Nc2 35. Ng5 Nxa1 36. Rxa1 Re8 (
36... c6 37. dxc6 Rxd3 38. Re1 Rc8 39. Rxe5 Rxc6 40. Kh3 Rcd6 41. Re7) 37. Re1
Rde7 38. Ne6 Rxe6 39. dxe6 Rxe6 40. f4 e4 41. dxe4 fxe4 42. Kf2 Kf7 43. Rd1 e3+
44. Ke2 Kf6 45. Rd3 Kf5 46. Rxe3 Rd6 47. Kf3 Rd2 48. b3 Rb2 49. Re5+ Kf6 50.
Re3 Kf5 51. Re5+ Kf6 52. Re3 {
1/2-1/2 Luther,T-Portisch,L/Groningen 1997/CBM 063}) 8... Bf8 {Kaufman, Larry:
'Black has no time here for 8...d6, as he would end up with tripled isolated
pawns.  But the retreat to f8 works well, as the bishop defends the king
without blocking the rook.  This ...Re8, Bf8 maneuver is very common in
high-level chess.'} 9. h3 a6 {
Kaufman, Larry: 'Black will accept doubled pawns to win the bishop pair.'} 10.
Ba4 b5 11. Bc2 (11. Bb3 Na5 12. Bc2 c5 {gains a tempo over the game.}) 11... d5
{Kaufman, Larry: 'The presence of White's bishop on e3 invites this move.'} 12.
Rd1 (12. Nbd2 d4 13. cxd4 exd4 14. Bf4 Nd5 15. Bg3 Bd6 {pleasant for Black})
12... Na5 13. Nbd2 c5 14. Nf1 Bb7 15. Ng3 Qc7 16. Nh4 c4 {Kaufman, Larry:
'Black's space advantage should count for more than White's vague attacking
prospects'} 17. dxc4 Nxc4 18. exd5 Nxb2 19. d6 Bxd6 20. Rxd6 Qxd6 21. Ngf5 Qc6
22. Nxg7 Kxg7 23. Bxh6+ Kh8 24. Bg5 e4 25. Bb3 Nc4 26. Bxc4 bxc4 27. Rb1 {
Kaufman, Larry: 'White's attack is obviously not worth the lost rook.  '} Nd5 {
Kaufman, Larry: 'Incorrect.  Allows the White queen and knight to approach the
king.  27...Re5 or 27...Bc8, not allowing the knight to enter f5, wins easily.'
} 28. Qh5+ Kg8 29. Nf5 Qg6 30. Nh6+ Kf8 31. Qxg6 fxg6 32. Rxb7 Ne7 33. Bf6 {
Kaufman, Larry: '1/2-1/2 Luther,T-Levin,F/Neubrandenburg 1998/EXT 2002'}
1/2-1/2

[Event "Sitges op"]
[Site "Sitges"]
[Date "1998.??.??"]
[Round "?"]
[White "Cuijpers, Frans Andre"]
[Black "Mitkov, Nikola"]
[Result "0-1"]
[WhiteElo "2420"]
[BlackElo "2500"]
[Annotator "Black e4 - Berlin 4"]
[PlyCount "124"]
[EventDate "1998.??.??"]
[EventType "swiss"]
[EventRounds "9"]
[EventCountry "ESP"]
[Source "ChessBase"]
[SourceDate "2002.11.25"]
[WhiteTeamCountry "SVK"]
[BlackTeamCountry "GRE"]

1. e4 e5 2. Nf3 Nc6 3. Bb5 Nf6 4. Qe2 Bc5 5. c3 O-O 6. Bxc6 bxc6 7. Nxe5 d6 8.
Nxc6 Qd7 9. Na5 Nxe4 10. d4 Bb6 11. Nb3 Re8 12. Be3 a5 13. N1d2 a4 14. Nc1 Ba6
15. Nd3 f5 16. O-O f4 17. Nxe4 Rxe4 18. Qh5 Bxd3 19. Qd5+ Kh8 20. Qxa8+ Re8 21.
Qd5 c6 22. Qh5 Bxf1 23. Rxf1 fxe3 24. fxe3 Kg8 25. Qd1 c5 26. Qd3 Qe6 27. Rf3
cxd4 28. exd4 Qxa2 29. Qb5 Rb8 30. Qd7 Rd8 31. Qe7 Qb1+ 32. Rf1 Qg6 33. h3 h6
34. Qb7 d5 35. Re1 Kh8 36. Re5 Rf8 37. Rxd5 Bd8 38. Qb8 Qf6 39. Kh2 Qe7 40. Rc5
Kh7 41. Qg3 Bb6 42. Rc6 Ba7 43. Qg6+ Kh8 44. Re6 Qc7+ 45. g3 Bb8 46. Re3 Qb7
47. Qc2 Qf7 48. Re2 Qf1 49. Qe4 Rf2+ 50. Rxf2 Qxf2+ 51. Kh1 Qxg3 52. Qe8+ Kh7
53. Qe4+ Qg6 54. Qe2 Qf5 55. Kg2 Qg5+ 56. Kf1 Qf4+ 57. Ke1 Bd6 58. Kd1 Qf5 59.
Ke1 Bg3+ 60. Kd2 Bf4+ 61. Ke1 Qb1+ 62. Kf2 Bc1 0-1

[Event "EU-chT (Men)"]
[Site "Leon"]
[Date "2001.11.08"]
[Round "3.2"]
[White "Socko, Bartosz"]
[Black "Lautier, Joel"]
[Result "0-1"]
[WhiteElo "2564"]
[BlackElo "2653"]
[Annotator "Black e4 - Berlin 9"]
[PlyCount "122"]
[EventDate "2001.11.06"]
[EventType "team"]
[EventRounds "9"]
[EventCountry "ESP"]
[Source "ChessBase"]
[SourceDate "2002.02.05"]
[WhiteTeam "Poland"]
[BlackTeam "France"]
[WhiteTeamCountry "POL"]
[BlackTeamCountry "FRA"]

1. e4 e5 2. Nf3 Nc6 3. Bb5 Nf6 4. O-O Nxe4 5. d4 Nd6 6. Bg5 f6 {Kaufman, Larry:
'Usual is 6...Be7, but after White takes on e7 and c6 followed by dxe5, Black
will not have the bishop pair to compensate for his crippled pawm majority,
though he does get good piece coordination.'} 7. dxe5 {Kaufman, Larry: 'White
must sacrifice something, but the main line looks costly.'} (7. Bxc6 dxc6 8.
dxe5 fxg5 9. exd6 Bxd6 10. Re1+ Kf7 11. Nc3 g4 12. Ne5+ Bxe5 13. Rxe5 Qxd1+ 14.
Rxd1 Kf6 {Black will be a fairly safe pawn up after ...Bf5.}) (7. Nxe5 fxg5 8.
Bxc6 dxc6 9. Qh5+ g6 10. Nxg6 Bg4 11. Re1+ Be7 12. Qxg5 hxg6 13. Qxg6+ Kf8 14.
Qxg4 Rh4 {Next, ...Nf7 will shelter the king. Black's bishop should be worth
more than White's three pawns in the middlegame:  The extra pawns can't
advance without exposing the king, but the bishop can attack.}) 7... Nxb5 8.
exf6 (8. Bh4 Be7 9. a4 fxe5 10. axb5 Bxh4 11. bxc6 dxc6 12. Qe2 Bf6 {
Black castles next with at least a safe extra pawn.}) 8... gxf6 9. Re1+ (9. Bf4
Be7 10. Nh4 Nd6 11. Bxd6 Bxd6 12. Qh5+ Kf8 13. Ng6+ Kg7 14. Nxh8 Kxh8 {
Favoring Black.  Two bishops for a rook is a huge advantage.  Black's weakened
king and lagging development offer White some compensation, but not enough.})
9... Kf7 10. Qd5+ (10. Bf4 d5 11. Nh4 Kg8 12. Qh5 Qd7 13. c4 Nd6 14. Qxd5+ Nf7
{Black's development problems do not fully compensate White for the lost piece.
}) 10... Kg7 11. Bf4 Nd6 12. Nh4 Rg8 {
Kaufman, Larry: 'To tuck the king in the corner.'} 13. Nc3 (13. Bxd6 Bxd6 14.
Nf5+ Kh8 15. Nxd6 cxd6 16. Qxd6 b6 {
Again, White has too little compensation for the piece.}) 13... Kh8 14. Qh5 Nd4
15. Nd5 b6 (15... Nxc2 16. Nxf6 Qxf6 17. Be5 Bg7 18. Bxf6 Bxf6 19. Qf3 Bxb2 20.
Qe2 Bxa1 21. Qxc2 Bf6 22. Qxc7 Re8 23. Rxe8+ Nxe8 24. Qc4 d5 25. Qxd5 Bxh4 26.
Qe4 Bxf2+ 27. Kxf2 Ng7 {Rook and two pieces clobber a queen.}) 16. Nxf6 Qxf6
17. Be5 Bg7 18. Bxf6 Bxf6 19. Re3 Bb7 20. Rg3 Rae8 21. Kh1 Ne4 22. Ng6+ Rxg6
23. Rxg6 Nxf2+ 24. Kg1 Ne2+ 25. Kf1 Nf4 26. Rxf6 Nxh5 27. Rxf2 Kg7 28. c4 Nf6
29. Rd1 Bc6 30. Re2 Ne4 31. Kg1 a5 32. Rf1 Re6 33. Rf4 h5 34. Re3 Kg6 35. h4
Nf6 36. Rxe6 dxe6 37. Rd4 Bd7 38. c5 b5 39. Rd3 e5 40. c6 Be6 41. Rg3+ Ng4 42.
Rc3 Bxa2 43. Ra3 Bc4 44. b3 Be2 45. Rxa5 Nf6 46. Ra8 Kf7 47. Rc8 Nd5 48. Kf2
Bg4 49. Rh8 Ke7 50. Rh6 b4 51. Ke1 e4 52. g3 Ne3 53. Rh8 Kd6 54. Kd2 Nd5 55.
Rh6+ Kc5 56. Rg6 Kd4 57. Ke1 Kc3 58. Rg5 Ne3 59. Kf2 Nf5 60. Ke1 e3 61. Rg8 Nd4
{Kaufman, Larry: '0-1 Socko,B-Lautier,J/Leon 2001/CBM 086'} 0-1

[Event "Cappelle op 16th"]
[Site "Cappelle la Grande"]
[Date "2000.02.23"]
[Round "6"]
[White "Moraru, Marius"]
[Black "Yemelin, Vasily"]
[Result "0-1"]
[WhiteElo "2340"]
[BlackElo "2540"]
[Annotator "Black e4 - Berlin 11"]
[PlyCount "72"]
[EventDate "2000.02.19"]
[EventType "swiss"]
[EventRounds "9"]
[EventCountry "FRA"]
[Source "ChessBase"]
[SourceDate "2000.03.10"]
[WhiteTeamCountry "POL"]
[BlackTeamCountry "FRA"]

1. e4 e5 2. Nf3 Nc6 3. Bb5 Nf6 4. O-O Nxe4 5. d4 Nd6 6. Bxc6 dxc6 7. dxe5 Nf5
8. Qe2 Nd4 9. Nxd4 Qxd4 10. Rd1 Qg4 11. Nc3 Qxe2 12. Nxe2 Bf5 13. c3 Bd7 14.
Be3 O-O-O 15. Rd2 Be7 16. Rad1 a5 17. h3 h5 18. Ng3 Be6 19. Rxd8+ Rxd8 20.
Rxd8+ Kxd8 21. Nxh5 g6 22. Nf6 Bxa2 23. g4 c5 24. h4 b5 25. h5 gxh5 26. gxh5
Bb1 27. Nd5 Bf8 28. h6 b4 29. Bg5+ Kc8 30. cxb4 cxb4 31. f3 a4 32. Bc1 a3 33.
Nxb4 axb2 34. Bxb2 Bxb4 35. Bc1 Kd7 36. Kf2 Ke6 0-1

[Event "Dieren op"]
[Site "Dieren"]
[Date "2002.07.15"]
[Round "6"]
[White "Nijboer, Friso"]
[Black "Kritz, Leonid"]
[Result "1/2-1/2"]
[WhiteElo "2567"]
[BlackElo "2454"]
[Annotator "Black e4 - Berlin 15"]
[PlyCount "57"]
[EventDate "2002.07.09"]
[EventType "swiss"]
[EventRounds "9"]
[EventCountry "NED"]
[Source "ChessBase"]
[SourceDate "2002.09.10"]
[WhiteTeamCountry "POL"]
[BlackTeamCountry "FRA"]

1. e4 e5 2. Nf3 Nc6 3. Bb5 Nf6 4. O-O Nxe4 5. d4 Nd6 6. Bxc6 dxc6 7. dxe5 Nf5
8. Qxd8+ Kxd8 9. Nc3 Ke8 10. h3 Be7 11. b3 Nh4 12. Nxh4 Bxh4 13. Ba3 Bf5 14.
Rac1 h5 15. Nd1 a5 16. Ne3 Be6 17. g4 a4 18. Bb4 hxg4 19. hxg4 axb3 20. axb3
Bg5 21. f4 Rh3 22. Bd2 Bh4 23. Rcd1 Rd8 24. Bc1 Bd5 25. Nxd5 Rxd5 26. Rxd5 cxd5
27. Bd2 f6 28. exf6 gxf6 29. Be1 1/2-1/2

[Event "Bled ol (Men)"]
[Site "Bled"]
[Date "2002.10.28"]
[Round "3.1"]
[White "Nisipeanu, Liviu Dieter"]
[Black "Georgiev, Kiril"]
[Result "1/2-1/2"]
[WhiteElo "2613"]
[BlackElo "2658"]
[Annotator "Black e4 - Berlin 16"]
[PlyCount "53"]
[EventDate "2002.10.26"]
[EventType "team"]
[EventRounds "14"]
[EventCountry "SLO"]
[Source "ChessBase"]
[SourceDate "2002.11.25"]
[WhiteTeam "ROM"]
[BlackTeam "FRM"]
[WhiteTeamCountry "ROM"]
[BlackTeamCountry "FRM"]

1. e4 e5 2. Nf3 Nc6 3. Bb5 Nf6 4. O-O Nxe4 5. d4 Nd6 6. Bxc6 dxc6 7. dxe5 Nf5
8. Qxd8+ Kxd8 9. Nc3 Ke8 10. h3 Be7 11. g4 Nh4 12. Nxh4 Bxh4 13. Kg2 h5 14. f3
Be6 15. Be3 b6 16. Rad1 Bc4 17. Rh1 Be7 18. b3 Be6 19. Ne2 Rd8 20. Nf4 Rxd1 21.
Rxd1 hxg4 22. hxg4 Bc8 23. Nh5 Rh7 24. Bd4 Kf8 25. Bb2 a5 26. a4 Rh6 27. Ng3
1/2-1/2

[Event "Goodricke 13th op"]
[Site "Calcutta"]
[Date "2002.03.25"]
[Round "9"]
[White "Bakre, Tejas"]
[Black "Aleksandrov, Aleksej"]
[Result "0-1"]
[WhiteElo "2477"]
[BlackElo "2645"]
[Annotator "Black e4 - Berlin 19"]
[PlyCount "80"]
[EventDate "2002.03.17"]
[EventType "swiss"]
[EventRounds "11"]
[EventCountry "IND"]
[Source "ChessBase"]
[SourceDate "2002.03.21"]
[WhiteTeamCountry "ROM"]
[BlackTeamCountry "FRM"]

1. e4 e5 2. Nf3 Nc6 3. Bb5 Nf6 4. O-O Nxe4 5. d4 Nd6 6. Bxc6 dxc6 7. dxe5 Nf5
8. Qxd8+ Kxd8 9. Nc3 Bd7 10. Rd1 Kc8 11. Ng5 Be8 12. b3 b6 13. Bb2 Be7 14. Nge4
Kb7 15. Rd3 Rd8 16. Rad1 Kc8 17. h3 h5 18. Bc1 Rxd3 19. Rxd3 Bd7 20. Ne2 Re8
21. Bb2 a5 22. g3 c5 23. Nf4 Bc6 24. Nd2 h4 25. c4 Rd8 26. g4 Nd4 27. Bxd4 cxd4
28. Ne2 Bb4 29. f4 a4 30. Kf2 Kb7 31. bxa4 Bxa4 32. Nb3 c5 33. a3 Bxa3 34. Na5+
Ka6 35. Nc6 Bxc6 36. Rxa3+ Kb7 37. Nc1 b5 38. Nb3 Kb6 39. Nd2 Re8 40. Ra1 g5
0-1

[Event "Moscow Aeroflot op"]
[Site "Moscow"]
[Date "2002.02.08"]
[Round "6"]
[White "Sveshnikov, Evgeny"]
[Black "Aleksandrov, Aleksej"]
[Result "1/2-1/2"]
[WhiteElo "2565"]
[BlackElo "2645"]
[Annotator "Black e4 - Italian 7"]
[PlyCount "69"]
[EventDate "2002.02.04"]
[EventType "swiss"]
[EventRounds "9"]
[EventCountry "RUS"]
[SourceDate "2005.02.06"]
[WhiteTeamCountry "ROM"]
[BlackTeamCountry "FRM"]

1. e4 e5 2. Nf3 Nc6 3. Bc4 Bc5 4. c3 Nf6 5. d4 exd4 6. e5 d5 7. Bb5 Ne4 8. cxd4
Bb4+ 9. Bd2 Nxd2 10. Bxc6+ bxc6 11. Nbxd2 O-O 12. O-O c5 13. a3 Bxd2 14. Qxd2
Bg4 15. dxc5 Bxf3 16. gxf3 c6 17. Rfe1 Qd7 18. Qd3 Rae8 19. Re3 Re6 20. f4 f6
21. Rh3 h6 22. Re1 fxe5 23. fxe5 Rf4 24. b4 Qe7 25. Rf3 Qg5+ 26. Kf1 Rh4 27. h3
Rc4 28. Qf5 Qxf5 29. Rxf5 a5 30. Rb1 axb4 31. axb4 Re7 32. b5 Rxc5 33. bxc6
Rxc6 34. e6 Rd6 35. Rd1 1/2-1/2

[Event "BCF-ch 89th"]
[Site "Torquay"]
[Date "2002.07.29"]
[Round "1"]
[White "Lee, Graham D"]
[Black "Flear, Glenn C"]
[Result "1/2-1/2"]
[WhiteElo "2361"]
[BlackElo "2538"]
[Annotator "Black e4 - Italian 8"]
[PlyCount "149"]
[EventDate "2002.07.29"]
[EventType "swiss"]
[EventRounds "11"]
[EventCountry "ENG"]
[SourceDate "2005.02.06"]
[WhiteTeamCountry "ROM"]
[BlackTeamCountry "FRM"]

1. e4 e5 2. Nf3 Nc6 3. Bc4 Bc5 4. c3 Nf6 5. d4 exd4 6. cxd4 Bb4+ 7. Bd2 Nxe4 8.
Bxb4 Nxb4 9. Bxf7+ Kxf7 10. Qb3+ d5 11. Ne5+ Ke6 12. Qxb4 c5 13. Qa3 cxd4 14.
Nf3 Qb6 15. O-O Kf7 16. Nbd2 Re8 17. Qb3 Nxd2 18. Qxd5+ Be6 19. Qh5+ Kg8 20.
Nxd2 Qxb2 21. Nf3 Bxa2 22. Qa5 Re2 23. Rad1 Qc3 24. Qb5 Bc4 25. Qxb7 Rae8 26.
Qxa7 R2e7 27. Qxd4 Qxd4 28. Nxd4 Bxf1 29. Rxf1 Rd7 30. Nf3 h6 31. h4 Red8 32.
g3 Rd1 33. Rxd1 Rxd1+ 34. Kg2 Kf7 35. Ng1 Ke6 36. Nh3 Kf5 37. Nf4 Ra1 38. Kf3
Ra3+ 39. Kg2 Ke4 40. Ne6 Ra7 41. Nf4 Rf7 42. Nh3 Kd3 43. Kf1 Rf5 44. Kg2 Ke4
45. Kf1 Ra5 46. Kg2 Rb5 47. Nf4 Ra5 48. Nh3 Ra2 49. Nf4 g5 50. hxg5 hxg5 51.
Ne6 Ra5 52. g4 Re5 53. f3+ Ke3 54. Ng7 Rd5 55. Kg3 Ra5 56. Ne6 Re5 57. Ng7 Ke2
58. Nf5 Rd5 59. Ng7 Ra5 60. Kg2 Re5 61. Nh5 Ke3 62. Kg3 Ra5 63. f4 Ra1 64. fxg5
Rg1+ 65. Kh4 Kf3 66. g6 Rxg4+ 67. Kh3 Rxg6 68. Kh4 Rg4+ 69. Kh3 Ra4 70. Nf6 Rf4
71. Nh5 Rg4 72. Nf6 Rd4 73. Nh5 Rd6 74. Kh4 Rg6 75. Kh3 1/2-1/2

[Event "EU-ch 4th"]
[Site "Istanbul"]
[Date "2003.05.30"]
[Round "1"]
[White "Erenburg, Sergey"]
[Black "Korneev, Oleg"]
[Result "1/2-1/2"]
[WhiteElo "2499"]
[BlackElo "2606"]
[Annotator "Black e4 - Italian 11"]
[PlyCount "97"]
[EventDate "2003.05.30"]
[EventType "swiss"]
[EventRounds "13"]
[EventCountry "TUR"]
[SourceDate "2005.02.06"]
[WhiteTeamCountry "ROM"]
[BlackTeamCountry "FRM"]

1. e4 e5 2. Nf3 Nc6 3. Bc4 Bc5 4. c3 Nf6 5. d3 a6 6. Bb3 Ba7 7. Nbd2 O-O 8. h3
h6 9. O-O d6 10. Re1 Nh5 11. Nf1 Qf6 12. Be3 Bxe3 13. Nxe3 Nf4 14. Kh2 Ne7 15.
Ng1 Be6 16. g3 Bxb3 17. axb3 Nfg6 18. Qc2 Qe6 19. Rf1 f5 20. exf5 Nxf5 21. Rae1
d5 22. Ng2 Qd6 23. Qe2 Rf6 24. Nf3 Re8 25. Nd2 Ref8 26. Nf3 Re8 27. Nd2 a5 28.
Ne3 Nxe3 29. fxe3 Ref8 30. Rxf6 Rxf6 31. Rf1 Nf8 32. Rxf6 Qxf6 33. Kg2 Nd7 34.
e4 Qe6 35. exd5 Qxd5+ 36. Qe4 Qxe4+ 37. Nxe4 Kf7 38. Kf3 Ke6 39. h4 g6 40. g4
b6 41. Ke3 Nf6 42. Nxf6 Kxf6 43. Ke4 Ke6 44. d4 exd4 45. Kxd4 Kd6 46. Ke4 Ke6
47. Kd4 Kd6 48. Ke4 Ke6 49. Kd4 1/2-1/2

[Event "FRA-chT"]
[Site "France"]
[Date "2001.04.01"]
[Round "7.1"]
[White "Spraggett, Kevin"]
[Black "Adams, Michael"]
[Result "0-1"]
[WhiteElo "2526"]
[BlackElo "2746"]
[Annotator "Black e4 - Italian 13"]
[PlyCount "56"]
[EventDate "2001.02.02"]
[EventType "team"]
[EventRounds "11"]
[EventCountry "FRA"]
[SourceDate "2005.02.06"]
[WhiteTeam "Bordeaux Echecs"]
[BlackTeam "Monaco"]
[WhiteTeamCountry "FRA"]
[BlackTeamCountry "FRA"]

1. e4 e5 2. Bc4 Nf6 3. d3 Nc6 4. Nf3 Bc5 5. c3 a6 6. Bb3 Ba7 7. O-O d6 8. Nbd2
O-O 9. Re1 Ng4 10. Re2 Kh8 11. h3 Nh6 12. Nf1 f5 13. Bxh6 gxh6 14. exf5 Bxf5
15. N1h2 Qf6 16. Qd2 Rae8 17. Kh1 Re7 18. a3 Rg7 19. Rg1 h5 20. Ba2 Bd7 21. b4
Ne7 22. d4 exd4 23. cxd4 Ng6 24. Re4 Nf4 25. h4 Bc6 26. d5 Bb5 27. g3 Nh3 28.
Rg2 Bf1 0-1

[Event "Groningen GAM"]
[Site "Groningen"]
[Date "1997.??.??"]
[Round "1"]
[White "Ligterink, Gert"]
[Black "Bosch, Jeroen"]
[Result "1-0"]
[WhiteElo "2450"]
[BlackElo "2425"]
[Annotator "Black e4 - Scotch 1"]
[PlyCount "75"]
[EventDate "1997.??.??"]
[EventType "tourn"]
[EventRounds "3"]
[EventCountry "NED"]
[SourceDate "2005.02.06"]
[WhiteTeamCountry "FRA"]
[BlackTeamCountry "FRA"]

1. e4 e5 2. Nf3 Nc6 3. d4 exd4 4. c3 dxc3 5. Nxc3 Bb4 6. Bc4 d6 7. O-O Bxc3 8.
bxc3 Nf6 9. e5 Nxe5 10. Nxe5 dxe5 11. Qb3 Qe7 12. Ba3 c5 13. Bb5+ Kf8 14. f4 e4
15. f5 Kg8 16. Rad1 h6 17. Bc4 b6 18. Bxf7+ Kf8 19. Bg6 Bd7 20. Bc1 Be8 21. Bf4
Bf7 22. c4 Kg8 23. Rd6 e3 24. Qxe3 Qxe3+ 25. Bxe3 Bxc4 26. Rfd1 Kf8 27. Bf4 Rc8
28. Rd8+ Ke7 29. Rxh8 Rxh8 30. Bd6+ Kd7 31. Bf8+ Kc6 32. Bxg7 Rg8 33. Bxf6 Bxa2
34. Ra1 Bd5 35. Rxa7 b5 36. Bg7 Kb6 37. Re7 Ra8 38. f6 1-0

[Event "NED-chT"]
[Site "Netherlands"]
[Date "1987.??.??"]
[Round "?"]
[White "Nieuwenhuis, Pieter"]
[Black "Timmerman, Gert Jan"]
[Result "0-1"]
[WhiteElo "2355"]
[BlackElo "2310"]
[Annotator "Black e4 - Scotch 2"]
[PlyCount "64"]
[EventDate "1987.??.??"]
[EventType "team"]
[EventRounds "7"]
[EventCountry "NED"]
[SourceDate "2005.02.06"]
[WhiteTeamCountry "FRA"]
[BlackTeamCountry "FRA"]

1. e4 e5 2. d4 exd4 3. Nf3 Nc6 4. c3 dxc3 5. Bc4 cxb2 6. Bxb2 d6 7. Nc3 Be7 8.
Qb3 Nh6 9. Nd5 f6 10. Qc3 Nf7 11. Rc1 O-O 12. h4 Kh8 13. h5 Nh6 14. Nh4 Ne5 15.
Bb3 c6 16. Ne3 d5 17. Bc2 Qb6 18. O-O Bb4 19. Qb3 Bd2 20. Rcd1 Qxb3 21. axb3
Bxe3 22. fxe3 Bg4 23. Ra1 Rad8 24. exd5 Rxd5 25. Bd4 a6 26. b4 Re8 27. Bb3 Rd7
28. Nf3 Nxf3+ 29. gxf3 Bxh5 30. Rae1 Bf7 31. Bc2 Bc4 32. Rf2 Rxd4 0-1

[Event "FRA-chT"]
[Site "France"]
[Date "2001.02.02"]
[Round "1.1"]
[White "Mellado Trivino, Juan"]
[Black "Adams, Michael"]
[Result "0-1"]
[WhiteElo "2460"]
[BlackElo "2746"]
[Annotator "Black e4 - Scotch 3"]
[PlyCount "52"]
[EventDate "2001.02.02"]
[EventType "team"]
[EventRounds "11"]
[EventCountry "FRA"]
[SourceDate "2005.02.06"]
[WhiteTeam "Orange"]
[BlackTeam "Monaco"]
[WhiteTeamCountry "FRA"]
[BlackTeamCountry "FRA"]

1. e4 e5 2. Nf3 Nc6 3. d4 exd4 4. Nxd4 Nf6 5. Nxc6 bxc6 6. Bd3 d5 7. exd5 cxd5
8. Bb5+ Bd7 9. Bxd7+ Qxd7 10. O-O Be7 11. Nd2 O-O 12. b3 a5 13. a4 Bb4 14. Bb2
Ra6 15. Nf3 Re8 16. Qd3 Rd6 17. Rad1 c6 18. Ne5 Qc8 19. Qf3 Rde6 20. Nd3 Bd6
21. h3 Qb8 22. Rfe1 Ne4 23. Qg4 Bh2+ 24. Kf1 Rg6 25. Qf5 Ree6 26. Qf3 Rgf6 0-1

[Event "Tilburg Fontys"]
[Site "Tilburg"]
[Date "1997.??.??"]
[Round "8"]
[White "Svidler, Peter"]
[Black "Adams, Michael"]
[Result "1/2-1/2"]
[WhiteElo "2660"]
[BlackElo "2680"]
[Annotator "Black e4 - Scotch 4"]
[PlyCount "78"]
[EventDate "1997.09.27"]
[EventType "tourn"]
[EventRounds "11"]
[EventCountry "NED"]
[EventCategory "17"]
[SourceDate "2005.02.06"]
[WhiteTeamCountry "FRA"]
[BlackTeamCountry "FRA"]

1. e4 e5 2. Nf3 Nc6 3. d4 exd4 4. Nxd4 Nf6 5. Nxc6 bxc6 6. e5 Qe7 7. Qe2 Nd5 8.
Nd2 g6 9. c4 Ba6 10. b3 Bg7 11. Bb2 Nb4 12. Nf3 c5 13. g3 O-O 14. Bg2 d5 15.
O-O Rad8 16. Rfd1 Rfe8 17. a3 Nc6 18. Qc2 d4 19. Re1 Qd7 20. b4 Nxe5 21. b5 Bc8
22. Nxe5 Rxe5 23. Rxe5 Bxe5 24. Qd2 Qd6 25. Re1 Be6 26. Qd3 Re8 27. Bc1 Bf5 28.
Qf3 Kg7 29. Bd2 Re6 30. Qd1 Bf6 31. Rxe6 Bxe6 32. Qb3 h5 33. Be4 Qe5 34. Bd3
Bg4 35. Qa4 Be2 36. Qc2 Bf3 37. Bf1 Bg5 38. Qb3 Bxd2 39. Qxf3 Qf5 1/2-1/2

[Event "Pablo Gorbea mem op 4th"]
[Site "Madrid"]
[Date "2000.06.15"]
[Round "6"]
[White "Reinaldo Castineira, Roi"]
[Black "Korneev, Oleg"]
[Result "1-0"]
[WhiteElo "2345"]
[BlackElo "2619"]
[Annotator "Black e4 - Scotch 6"]
[PlyCount "75"]
[EventDate "2000.06.10"]
[EventType "swiss"]
[EventRounds "9"]
[EventCountry "ESP"]
[SourceDate "2005.02.06"]
[WhiteTeamCountry "FRA"]
[BlackTeamCountry "FRA"]

1. e4 e5 2. Nf3 Nc6 3. d4 exd4 4. Nxd4 Nf6 5. Nxc6 bxc6 6. e5 Qe7 7. Qe2 Nd5 8.
c4 Ba6 9. b3 O-O-O 10. Bb2 f6 11. Qd2 Nb6 12. Be2 fxe5 13. a4 Kb8 14. a5 Nc8
15. Nc3 Qd6 16. Bd3 Qh6 17. Qe2 Bc5 18. O-O Bd4 19. b4 Rhf8 20. b5 Bb7 21. bxc6
Bxc6 22. Rab1 Ka8 23. Nd5 Bxd5 24. cxd5 Nd6 25. Bxd4 exd4 26. Qc2 Rc8 27. Ba6
c5 28. Bxc8 Rxc8 29. Qa4 Qg5 30. Qxd7 Qxd5 31. Rb6 axb6 32. axb6 Qa2 33. Qxd6
Qa5 34. b7+ Kxb7 35. Rb1+ Ka7 36. Qd7+ Rc7 37. Qd8 Qb6 38. Ra1+ 1-0